Klíč k pohádkám : jak porozumět pohádkám a jejich obrazům

Saved in:
Bibliographic Details
Main Authors Hradil, Radomil, 1967- (Author, Translator), Steiner, Rudolf, 1861-1925 (Author)
Format Book
LanguageCzech
Published Lelekovice : Franesa, 2025
EditionVydání druhé, v nakladatelství Franesa první
Subjects
ISBN978-80-88337-87-4
Physical Description226 stran : ilustrace ; 21 cm

Cover

LEADER 00000aam a2200000 i 4500
001 115521
003 CZ-ZlUTB
005 20260429082905.0
007 ta
008 250210s2025 xr a f 000 0 cze
015 |a cnb003672072 
020 |a 978-80-88337-87-4  |q (brožováno) 
040 |a OLA001  |b cze  |d ZLD002  |e rda 
072 7 |a 82-1/-8  |x Literatura různých forem a žánrů (o ní)  |2 Konspekt  |9 11 
080 |a 82-34  |2 MRF 
080 |a 141.333  |2 MRF 
080 |a 82.07  |2 MRF 
080 |a 801.73  |2 MRF 
080 |a (048.8)  |2 MRF 
100 1 |a Hradil, Radomil,  |d 1967-  |7 xx0002864  |4 aut  |4 trl 
245 1 0 |a Klíč k pohádkám :  |b jak porozumět pohádkám a jejich obrazům /  |c Radomil Hradil 
250 |a Vydání druhé, v nakladatelství Franesa první 
264 1 |a Lelekovice :  |b Franesa,  |c 2025 
300 |a 226 stran :  |b ilustrace ;  |c 21 cm 
336 |a text  |b txt  |2 rdacontent 
337 |a bez média  |b n  |2 rdamedia 
338 |a svazek  |b nc  |2 rdacarrier 
504 |a Obsahuje bibliografii a bibliografické odkazy 
505 2 0 |t Pohádky ve světle duchovní vědy /  |r Rudolf Steiner ; přeložil Radomil Hradil 
650 0 7 |a pohádky  |7 ph124208  |x antropozofické pojetí  |2 czenas 
650 0 7 |a interpretace a přijetí literárního díla  |7 ph137145  |2 czenas 
650 0 7 |a textová analýza  |7 ph126628  |2 czenas 
650 0 9 |a fairy tales  |x anthroposophical approach  |2 eczenas 
650 0 9 |a interpretation and reception of literature  |2 eczenas 
650 0 9 |a textual criticism  |2 eczenas 
655 7 |a studie  |7 fd133597  |2 czenas 
655 9 |a studies  |2 eczenas 
700 1 |a Steiner, Rudolf,  |d 1861-1925  |7 jn19990009728  |4 aut 
710 2 |a Franesa (nakladatelství)  |7 xx0249477  |4 pbl 
910 |a ZLD002 
942 |2 udc 
952 |0 0  |1 0  |4 0  |5 0  |6 82088HRADILR  |7 0  |8 BOOK  |9 190849  |a UTBZL  |b UTBZL  |c 006  |d 2026-04-24  |l 0  |o 820/88/HRADIL,R.  |p 420010201974  |r 2026-04-24 10:42:44  |v 310.00  |w 2026-04-24  |x N:nákup  |y 04 
992 |a BK  |b SK 
999 |c 115521  |d 115521